[Event "Steinfurt Bezirksklasse 1112"]
[Site "Germany"]
[Date "2012.05.19"]
[Round "9.4"]
[White "Wehner, Siegfried"]
[Black "Krampe, Jennifer"]
[Result "1/2-1/2"]
[WhiteElo "1363"]
[BlackElo "1409"]
[PlyCount "47"]
[EventDate "2011.09.24"]
[EventType "team-tourn"]
[EventRounds "9"]
[EventCountry "GER"]
[SourceTitle "EXT 2013"]
[Source "ChessBase"]
[SourceDate "2012.11.22"]
[SourceVersion "1"]
[SourceVersionDate "2012.11.22"]
[SourceQuality "1"]
[WhiteTeam "Reckenfeld II"]
[BlackTeam "Emsdetten Turm IV"]
[WhiteTeamCountry "GER"]
[BlackTeamCountry "GER"]

1. Nf3 d5 2. d4 Nf6 3. g3 e6 4. Bg2 c5 5. c3 Nc6 6. Bg5 Bd6 7. Nbd2 0-0 8. e4 h6 9. Bxf6 gxf6 10. 0-0 b6 11. Re1 Ne7 12. e5 fxe5 13. Nxe5 Ng6 14. Qg4 Kh7 15. Nxg6 fxg6 16. Qe2 cxd4 17. cxd4 Qf6 18. Nf3 Bd7 19. Bh3 Rae8 20. Bg2 b5 21. Qd2 Bc7 22. Re2 Bb6 23. Rd1 Qg7 24. Ne5 1/2-1/2

[Event "Steinfurt Bezirksklasse 1011"]
[Site "Germany"]
[Date "2010.11.27"]
[Round "3.3"]
[White "Van der Kolk, Janot"]
[Black "Wehner, Siegfried"]
[Result "1/2-1/2"]
[WhiteElo "1443"]
[BlackElo "1406"]
[PlyCount "50"]
[EventDate "2010.09.25"]
[EventType "team-tourn"]
[EventRounds "9"]
[EventCountry "GER"]
[SourceTitle "EXT 2012"]
[Source "ChessBase"]
[SourceDate "2011.11.24"]
[SourceVersion "1"]
[SourceVersionDate "2011.11.24"]
[SourceQuality "1"]
[WhiteTeam "Saerbeck III"]
[BlackTeam "Reckenfeld II"]
[WhiteTeamCountry "GER"]
[BlackTeamCountry "GER"]

1. e4 d6 2. d4 Nf6 3. Nc3 g6 4. Nf3 c6 5. Bd3 Nbd7 6. 0-0 Bg7 7. Ne2 0-0 8. c3 e5 9. Re1 Qc7 10. Ng3 d5 11. exd5 Nxd5 12. dxe5 Nxe5 13. Be4 Nxf3+ 14. Qxf3 Be6 15. Ne2 Rfe8 16. Nd4 Bxd4 17. cxd4 Bf5 18. Bh6 Bxe4 19. Rxe4 f5 20. Re2 Rxe2 21. Qxe2 Qe7 22. Qe5 Qxe5 23. dxe5 Re8 24. Re1 Re6 25. Bd2 Kf7 1/2-1/2

[Event "Steinfurt Bezirksliga 0910"]
[Site "Germany"]
[Date "2010.03.13"]
[Round "7.3"]
[White "Reimann, Tanja"]
[Black "Wehner, Siegfried"]
[Result "0-1"]
[WhiteElo "1292"]
[BlackElo "1431"]
[PlyCount "84"]
[EventDate "2009.09.12"]
[EventType "team-tourn"]
[EventRounds "9"]
[EventCountry "GER"]
[SourceTitle "EXT 2011"]
[Source "ChessBase"]
[SourceDate "2010.11.26"]
[SourceVersion "1"]
[SourceVersionDate "2010.11.26"]
[SourceQuality "1"]
[WhiteTeam "Emsdetten Turm III"]
[BlackTeam "Reckenfeld II"]
[WhiteTeamCountry "GER"]
[BlackTeamCountry "GER"]

1. e4 d6 2. Nf3 Nf6 3. Nc3 g6 4. d4 c6 5. Bd3 Bg7 6. h3 0-0 7. 0-0 Nbd7 8. Re1 Qc7 9. e5 dxe5 10. dxe5 Nd5 11. Nxd5 cxd5 12. e6 fxe6 13. Rxe6 Nc5 14. Re2 e6 15. Rb1 Bd7 16. Be3 Nxd3 17. Qxd3 a6 18. Qd1 Rac8 19. b3 Bb5 20. Rd2 Bc3 21. Bh6 Rfe8 22. a4 Bxd2 23. Qxd2 Bd7 24. Qd4 e5 25. Qxd5+ Be6 26. Qe4 Bf5 27. Qd5+ Qf7 28. Qxf7+ Kxf7 29. Re1 e4 30. Ng5+ Kg8 31. c4 Rc5 32. g4 Bd7 33. Nxe4 Rc6 34. Bg5 Kf7 35. c5 Rce6 36. f3 Bc6 37. Nd6+ Rxd6 38. Rxe8 Rd1+ 39. Kf2 Kxe8 40. f4 Rb1 41. f5 gxf5 42. gxf5 Rxb3 0-1

[Event "Steinfurt Bezirksklasse 0809"]
[Site "Germany"]
[Date "2008.09.13"]
[Round "1.8"]
[White "Bloemker, Martin"]
[Black "Wehner, Siegfried"]
[Result "1/2-1/2"]
[WhiteElo "1362"]
[BlackElo "1394"]
[PlyCount "26"]
[EventDate "2008.09.13"]
[EventType "team-tourn"]
[EventRounds "7"]
[EventCountry "GER"]
[SourceTitle "EXT 2010"]
[Source "ChessBase"]
[SourceDate "2010.11.25"]
[SourceVersion "1"]
[SourceVersionDate "2010.11.25"]
[SourceQuality "1"]
[WhiteTeam "Steinfurt IV"]
[BlackTeam "Reckenfeld II"]
[WhiteTeamCountry "GER"]
[BlackTeamCountry "GER"]

1. Nf3 d6 2. g3 Nf6 3. d4 c6 4. Bg2 g6 5. 0-0 Bg7 6. c4 0-0 7. Nc3 Bf5 8. Re1 Qd7 9. Ng5 Qc7 10. e4 Bg4 11. Qd3 e5 12. d5 h6 13. dxc6 bxc6 1/2-1/2

[Event "Steinfurt Bezirksliga 0607"]
[Site "Germany"]
[Date "2007.04.28"]
[Round "9.6"]
[White "Wehner, Siegfried"]
[Black "Hillen, Thomas"]
[Result "1/2-1/2"]
[WhiteElo "1552"]
[BlackElo "1497"]
[PlyCount "21"]
[EventDate "2006.09.09"]
[EventType "team-tourn"]
[EventRounds "9"]
[EventCountry "GER"]
[SourceTitle "EXT 2008"]
[Source "ChessBase"]
[SourceDate "2007.11.25"]
[SourceVersion "1"]
[SourceVersionDate "2007.11.25"]
[SourceQuality "1"]
[WhiteTeam "Reckenfeld"]
[BlackTeam "Emsdetten Rochade II"]
[WhiteTeamCountry "GER"]
[BlackTeamCountry "GER"]

1. Nf3 d5 2. g3 Nc6 3. d4 g6 4. c3 Bg7 5. Bf4 Nf6 6. Bg2 0-0 7. 0-0 Nh5 8. Qd2 Nxf4 9. Qxf4 Qd7 10. e4 dxe4 11. Qxe4 1/2-1/2

[Event "Steinfurt Bezirksklasse 0405"]
[Site "Germany"]
[Date "2004.10.09"]
[Round "2.5"]
[White "Stroot, Helmut"]
[Black "Wehner, Siegfried"]
[Result "0-1"]
[WhiteElo "1418"]
[BlackElo "1535"]
[PlyCount "102"]
[EventDate "2004.09.18"]
[EventType "team-tourn"]
[EventRounds "11"]
[EventCountry "GER"]
[SourceTitle "EXT 2006"]
[Source "ChessBase"]
[SourceDate "2005.11.24"]
[SourceVersion "1"]
[SourceVersionDate "2005.11.24"]
[SourceQuality "1"]
[WhiteTeam "Rheine CC"]
[BlackTeam "Reckenfeld II"]
[WhiteTeamCountry "GER"]
[BlackTeamCountry "GER"]

1. d4 Nf6 2. Nf3 e6 3. Nc3 Bb4 4. Bd2 d5 5. e3 c5 6. a3 Bxc3 7. Bxc3 Ne4 8. Bd3 Nxc3 9. bxc3 c4 10. Be2 0-0 11. 0-0 Nd7 12. g3 Nf6 13. Nd2 Qa5 14. Nb1 Ne4 15. Qe1 Bd7 16. h4 Ba4 17. f3 Nd6 18. Ra2 Nf5 19. Qf2 Qc7 20. f4 Nd6 21. Bf3 f5 22. Qg2 Rf6 23. h5 Be8 24. Qh2 Rh6 25. g4 fxg4 26. Bxg4 Qe7 27. Rf3 Ne4 28. Rh3 Nf6 29. Be2 Bf7 30. a4 Qe8 31. Nd2 Bxh5 32. Kf2 Qg6 33. Qg3 Qxg3+ 34. Rxg3 Bxe2 35. Kxe2 Rh2+ 36. Ke1 Rf8 37. Nf3 Rh1+ 38. Kf2 Ne4+ 39. Kg2 Nxg3 40. Kxg3 Rf6 41. Ne5 Re1 42. Kf2 Rh1 43. Rb2 b6 44. a5 Rh2+ 45. Kg1 Rd2 46. Kf1 h5 47. Ke1 Rg2 48. Kf1 Rg3 49. axb6 axb6 50. Rxb6 Rxe3 51. Kf2 Rxc3 0-1

[Event "Steinfurt Bezirksklasse 0304"]
[Site "Germany"]
[Date "2003.11.08"]
[Round "3.2"]
[White "Wehner, Siegfried"]
[Black "Gildehaus, Simon"]
[Result "1/2-1/2"]
[WhiteElo "1552"]
[BlackElo "1521"]
[PlyCount "62"]
[EventDate "2003.09.27"]
[EventType "team-tourn"]
[EventRounds "11"]
[EventCountry "GER"]
[SourceTitle "EXT 2005"]
[Source "ChessBase"]
[SourceDate "2004.11.15"]
[SourceVersion "1"]
[SourceVersionDate "2004.11.15"]
[SourceQuality "1"]
[WhiteTeam "Reckenfeld II"]
[BlackTeam "Saerbeck Falke III"]
[WhiteTeamCountry "GER"]
[BlackTeamCountry "GER"]

1. Nf3 c5 2. g3 d5 3. d3 Bg4 4. Bg2 e6 5. Bf4 Nc6 6. c3 Nf6 7. Nbd2 Bd6 8. Bg5 0-0 9. 0-0 h6 10. Bxf6 Qxf6 11. Qc2 Qe7 12. Rfe1 f6 13. e4 d4 14. Nc4 e5 15. Nxd6 Qxd6 16. Nh4 Rfd8 17. f3 Be6 18. Bf1 Ne7 19. Ng2 Rac8 20. c4 Nc6 21. a3 Rf8 22. f4 Rc7 23. f5 Bf7 24. Nh4 Ne7 25. Qd2 Be8 26. Be2 Qd8 27. a4 Nc6 28. Ng6 Bxg6 29. fxg6 Re8 30. Bg4 Kf8 31. Bf5 Ke7 1/2-1/2

[Event "Steinfurt Bezirksliga 0203"]
[Site "Germany"]
[Date "2003.02.22"]
[Round "6.2"]
[White "Wehner, Siegfried"]
[Black "Moeller, Christian"]
[Result "0-1"]
[WhiteElo "1499"]
[BlackElo "1798"]
[PlyCount "88"]
[EventDate "2002.09.14"]
[EventType "team-tourn"]
[EventRounds "9"]
[EventCountry "GER"]
[SourceTitle "EXT 2004"]
[Source "ChessBase"]
[SourceDate "2003.11.25"]
[SourceVersion "1"]
[SourceVersionDate "2003.11.25"]
[SourceQuality "1"]
[WhiteTeam "Reckenfeld II"]
[BlackTeam "Ibbenbueren II"]
[WhiteTeamCountry "GER"]
[BlackTeamCountry "GER"]

1. Nf3 Nf6 2. c4 g6 3. Nc3 Bg7 4. g3 d6 5. Bg2 Nbd7 6. d3 c6 7. Bd2 e5 8. Ng5 Ng4 9. Nge4 Ndf6 10. Bg5 h6 11. Bxf6 Nxf6 12. Nxf6+ Bxf6 13. Rc1 Qb6 14. Rc2 Be6 15. Ne4 Be7 16. a3 Rd8 17. b4 a5 18. Qb1 d5 19. c5 Qa7 20. Nc3 f5 21. Qb2 d4 22. Na4 axb4 23. Qxb4 Ra8 24. Nb6 Qxa3 25. Qxa3 Rxa3 26. 0-0 Ra5 27. Rfc1 Kd8 28. h4 Kc7 29. Bh3 Bxc5 30. Rxc5 Rxc5 31. Rxc5 Kxb6 32. Rxe5 Re8 33. e4 Bf7 34. Rxe8 Bxe8 35. exf5 Kc5 36. f6 Kd6 37. g4 g5 38. h5 Ke5 39. Bg2 Kxf6 40. Be4 Ke5 41. Kf1 Kf6 42. Bf5 Bxh5 43. Bc8 Bxg4 44. Bxb7 Bf3 0-1